Long Hot Summer /

Guardado en:
Formato: Libro
Idioma:Undetermined
Publicado: 2015.
Materias:
Etiquetas: Agregar Etiqueta
Sin Etiquetas, Sea el primero en etiquetar este registro!
LEADER 00377nam a22001455a 4500
001 CEM.cems018943
008 211019s2015####xx############000#0#und#d
005 20211019185019.0
003 CEMS
245 1 0 |a Long Hot Summer /  |c K. S. Rodríguez. 
260 |c 2015. 
500 |a Incluye CD. 
653 |a Texto Inglés 
653 |a Caja Inglés 1 
859 |a CEMS  |b BIB. CEMS - 11 de abril  |p SSR-30  |t Ej. 1